000 00295nam a22001337a 4500
008 170208b xxu||||| |||| 00| 0 eng d
020 _a9781567932447
041 _aeng
080 _a61
100 _a4
101 _aSHM
245 _aCASES HEALTH CARE FINANCE
_cLOUIS GAPENSKI
942 _2udc
_cBK
999 _c4990
_d4990